| 000 | 02719nam a22001577a 4500 | ||
|---|---|---|---|
| 041 | _aukr | ||
| 080 | _a09 | ||
| 090 | _bВОЗ | ||
| 100 | _aВознюк, Б. В. | ||
| 245 | _aЛінгвістичні особливості опису природи та оточуючого світу героїв у англійських літературних казках | ||
| 260 |
_aОстрог _bКАФ _c2014 |
||
| 300 | _a70 | ||
| 520 |
_aВступ.
Розділ І. Англомовна літературна казка: жанрові та текстові характеристики.
1.1. Літературна казка. Особливості англійської літературної казки
1.2. Художній текст як обєкт лінгвістичного аналізу
1.3. Поняття концепту в сучасній лінгвістиці
Розділ ІІ. Лінгвістичний аналіз описів оточуючого світу в англомовних казках.
2.1. Лінгвістичний аналіз концепту ПРИРОДИ в англійських літературних казках.
2.1.1. Синтаксичні особливості опису природи в англомовних казках
2.1.2. Стилістичні особливості опису природи в англомовних казках
2.1.3. Фонетичні особливості опису природи в англомовних казках
2.2. Лінгвістичний аналіз концепту ПРОСТОРУ в англійських літературних казках.
2.2.1. Синтаксичні особливості опису простору в англомовних казках
2.2.2. Стилістичні особливості опису простору в англомовних казках
2.2.3. Фонетичні особливості опису простору в англомовних казках
2.3. Лінгвістичний аналіз концепту ІСТОТИ в англійських літературних казках.
2.3.1. Синтаксичні особливості опису істот в англомовних казках
2.3.2. Стилістичні особливості опису істот в англомовних казках
2.3.3. Фонетичні особливості опису істот в англомовних казках
Висновки.
Список використаної літератури.
Додатки. _0казка, концепт, природа, простор, істота |
||
| 650 | _aResearch Papers | ||
| 999 |
_c285447 _d285447 |
||
| 942 | _cBK | ||